| 000 | 00941nam a2200205 i 4500 | ||
|---|---|---|---|
| 001 | 98761 | ||
| 003 | ES-MaACL | ||
| 005 | 20230906182358.0 | ||
| 007 | t| | ||
| 008 | 051024s1862 sp ||||1| spa d | ||
| 100 | 1 |
_aElwart, Antoine. _947128 |
|
| 245 | 1 | 0 |
_aManual de armonía, de acompañamiento de bajo numerado, de reducción de la partitura al piano y de la transposición musical _b: conteniendo además reglas para llegar a escribir el bajo o acompañamiento... / _cpor A. Elwart... ; traducido de la 3ª ed. (que ha sido corregida y considerablemente aumentada por el autor) por... Sr. de Valldemosa... |
| 250 | _aNueva ed. | ||
| 260 |
_aMadrid : _bAntonio Romero y Andía, _c[ca. 1862] ( _fImp. José M. Ducazcal) |
||
| 300 |
_a46 p., 13 h. pleg. ; _c22 cm. |
||
| 650 | 1 | 4 |
_aArmonía- _vMétodos. _99974 |
| 650 | 1 | 4 |
_aPiano- _vMétodos. _915994 |
| 700 | 1 |
_aFrontera de Valldemosa, Francisco. _952742 |
|
| 852 |
_aES-MaACL _jT-974-F-3 |
||
| 999 |
_c98761 _d98761 |
||